000 01192nam a2200301Ia 4500
001 A9215
003 IT-RoPAU
008 130308s9999 xx 000 0 und d
040 _aIT-RoPAU
040 _cIT-RoPAU
041 _aITALIANO
100 _aRisè Claudio
100 _gCodice Aut. SPICS: 10814
245 _aCinema e la magia (Il)
245 _bStoria del Cinema (La)-1
250 _a1a ed.
260 _aMILANO
260 _bVallardi
260 _c1966 [1° Ed.:1966 - Ed.Ling.Originale:1966]
300 _a"18 p. (prefazione: no ; testo: 18 [pagine: 284-301])"
500 _aCinema Come la Magia è un Mondo di immagini Incorporee. Già Melies si Era Fantasiosamente Cimentato con Demoni e Manieri Incantati. Ma Fu Il Cinemanord Europeo Quello che Strinse I Piu' Solidi legami con la Magia, Portando Sullo schermo le Antiche Credenze e I Rovelli religiosi dei Popoli Scandinavi. Magia poco Ortodossa. Filone magico Allucinatorio. Ambiguo Mondo magico di Bergman. magie Come Pretesto per Il Divertimento. Magia All'Italiana.
650 _aSTORIA DEL CINEMA
650 _eCodice materia Spics: 6808
942 _cBK
957 _71
999 _c53467
_d53467
999 _bSI
999 _g1